[Event "Gachantiva op 9th"]
[Site "Gachantiva"]
[Date "2019.06.23"]
[Round "5"]
[White "Dominguez Rincon, Miller Duvan"]
[Black "Corradine, Jorge Ricardo"]
[Result "1/2-1/2"]
[WhiteElo "2087"]
[BlackElo "2130"]
[PlyCount "81"]
[EventDate "2019.06.21"]
[EventType "swiss"]
[EventRounds "7"]
[EventCountry "COL"]
[SourceTitle "CBM 191 Extra"]
[Source "ChessBase"]
[SourceDate "2019.09.30"]
[SourceVersion "1"]
[SourceVersionDate "2019.09.30"]
[SourceQuality "1"]

1. e4 c5 2. Nf3 e6 3. d4 cxd4 4. Nxd4 a6 5. Nc3 Qc7 6. g3 Nf6 7. Bg2 Nc6 8. 0-0 d6 9. Nxc6 bxc6 10. Na4 Be7 11. c4 Rb8 12. c5 dxc5 13. Qc2 Rb5 14. Be3 Nd7 15. Rac1 0-0 16. Rfd1 Qb8 17. b3 h5 18. Qe2 h4 19. gxh4 Bxh4 20. Rc4 Be7 21. f4 Nb6 22. Nxb6 Qxb6 23. e5 Rd8 24. Be4 g6 25. Rd3 Rb4 26. Qc2 Rxd3 27. Qxd3 Rxc4 28. Qxc4 Qb4 29. Qe2 Qb5 30. Bd3 Qb4 31. Bc4 Qc3 32. Qd2 Qb4 33. Qe2 Kg7 34. Bd2 Qa3 35. Kg2 a5 36. Be1 a4 37. h4 axb3 38. axb3 Qc1 39. Bd2 Qb1 40. h5 Qf5 41. hxg6 1/2-1/2

[Event "COL sub zt 2.3.4"]
[Site "La Dorada"]
[Date "2016.11.06"]
[Round "8"]
[White "Corradine, Jorge Ricardo"]
[Black "Quinonez Garcia, Santiago"]
[Result "0-1"]
[WhiteElo "2183"]
[BlackElo "2184"]
[PlyCount "72"]
[EventDate "2016.11.02"]
[EventType "swiss"]
[EventRounds "9"]
[EventCountry "COL"]
[SourceTitle "CBM 175 Extra"]
[Source "ChessBase"]
[SourceDate "2016.12.12"]
[SourceVersion "1"]
[SourceVersionDate "2016.12.12"]
[SourceQuality "1"]

1. e4 c5 2. Nf3 g6 3. g3 Bg7 4. Bg2 Nc6 5. 0-0 d6 6. c3 e5 7. d3 Nge7 8. a4 0-0 9. Na3 h6 10. Nc4 Be6 11. Nfd2 d5 12. exd5 Bxd5 13. Ne4 b6 14. Ne3 Be6 15. f4 f5 16. Nf2 exf4 17. gxf4 Qc7 18. Qf3 Rad8 19. Re1 Bf7 20. Bf1 Rfe8 21. Nc4 a6 22. h4 b5 23. axb5 axb5 24. Ne3 Bf6 25. Ng2 b4 26. Bd2 Na5 27. Qd1 Nb3 28. Ra6 Rd6 29. Rxd6 Qxd6 30. Qc2 Ra8 31. Be3 Ra2 32. Nd1 Nd5 33. Qxb3 Nxe3 34. d4 Nxg2 35. Bxg2 Qxd4+ 36. Kh1 Qxf4 0-1

[Event "COL sub zt 2.3.4"]
[Site "La Dorada"]
[Date "2016.11.06"]
[Round "7"]
[White "Santofimio Vega, Andres Camilo"]
[Black "Corradine, Jorge Ricardo"]
[Result "0-1"]
[WhiteElo "1758"]
[BlackElo "2183"]
[PlyCount "90"]
[EventDate "2016.11.02"]
[EventType "swiss"]
[EventRounds "9"]
[EventCountry "COL"]
[SourceTitle "CBM 175 Extra"]
[Source "ChessBase"]
[SourceDate "2016.12.12"]
[SourceVersion "1"]
[SourceVersionDate "2016.12.12"]
[SourceQuality "1"]

1. e4 c5 2. Nc3 Nc6 3. Bb5 Nd4 4. Bc4 e6 5. Nge2 Ne7 6. d3 Nec6 7. 0-0 Be7 8. Kh1 a6 9. Nxd4 Nxd4 10. Bb3 0-0 11. Qg4 Kh8 12. e5 b5 13. Be3 Nxb3 14. axb3 Bb7 15. Ne4 f5 16. exf6 gxf6 17. Qh5 d6 18. f4 Qe8 19. Qxe8 Raxe8 20. Kg1 Rg8 21. f5 e5 22. Kf2 c4 23. bxc4 bxc4 24. g3 Rc8 25. Nc3 cxd3 26. cxd3 Rg4 27. Ne2 Rb4 28. Rab1 Kg8 29. Bd2 Rb3 30. Bc3 Kf7 31. d4 Bd8 32. Rfd1 Bb6 33. Rbc1 h5 34. Kf1 Ke7 35. h3 Rg8 36. Kg1 Rg5 37. Rf1 Be4 38. Kh2 Rxf5 39. Rxf5 Bxf5 40. dxe5 fxe5 41. Ra1 Bc8 42. Ra4 Kf7 43. Nc1 Rb5 44. Nd3 Rd5 45. Nb4 Rd1 0-1

[Event "COL sub zt 2.3.4"]
[Site "La Dorada"]
[Date "2016.11.03"]
[Round "3"]
[White "Univio Sanchez, German"]
[Black "Corradine, Jorge Ricardo"]
[Result "0-1"]
[WhiteElo "2046"]
[BlackElo "2183"]
[PlyCount "34"]
[EventDate "2016.11.02"]
[EventType "swiss"]
[EventRounds "9"]
[EventCountry "COL"]
[SourceTitle "CBM 175 Extra"]
[Source "ChessBase"]
[SourceDate "2016.12.12"]
[SourceVersion "1"]
[SourceVersionDate "2016.12.12"]
[SourceQuality "1"]

1. e4 c5 2. Nf3 e6 3. d4 cxd4 4. Nxd4 a6 5. c4 Nf6 6. Nc3 Qc7 7. Bd3 b6 8. 0-0 Bb7 9. Bg5 Be7 10. Rc1 d6 11. Qe2 Nbd7 12. Rfd1 0-0 13. b3 Rac8 14. Bh4 Rfe8 15. Bb1 Bf8 16. a4 g6 17. Ba2 Nh5 0-1

[Event "Gachantiva Boyaca Cup"]
[Site "Gachantiva"]
[Date "2016.06.06"]
[Round "6"]
[White "Becerra, Juan David"]
[Black "Corradine, Jorge Ricardo"]
[Result "1-0"]
[WhiteElo "2262"]
[BlackElo "2192"]
[PlyCount "44"]
[EventDate "2016.06.04"]
[EventType "swiss"]
[EventRounds "6"]
[EventCountry "COL"]
[SourceTitle "CBM 172 Extra"]
[Source "ChessBase"]
[SourceDate "2016.06.21"]
[SourceVersion "1"]
[SourceVersionDate "2016.06.21"]
[SourceQuality "1"]

1. e4 c5 2. Nf3 e6 3. d4 cxd4 4. Nxd4 a6 5. Bd3 Qc7 6. Be3 Nf6 7. c4 d6 8. Nc3 Be7 9. 0-0 0-0 10. Qe2 Nbd7 11. Rfc1 b6 12. b4 Bb7 13. Rab1 Rab8 14. f3 Ba8 15. Nb3 Rfe8 16. a3 Qd8 17. Qf2 Bf8 18. Bf1 a5 19. Rd1 axb4 20. axb4 Ne5 21. Nb5 Bc6 22. N3d4 Ba8 1-0

[Event "Gachantiva Boyaca Cup"]
[Site "Gachantiva"]
[Date "2016.06.05"]
[Round "4"]
[White "Corradine, Jorge Ricardo"]
[Black "Ramirez, Francisco Javier"]
[Result "1-0"]
[WhiteElo "2192"]
[BlackElo "1936"]
[PlyCount "83"]
[EventDate "2016.06.04"]
[EventType "swiss"]
[EventRounds "6"]
[EventCountry "COL"]
[SourceTitle "CBM 172 Extra"]
[Source "ChessBase"]
[SourceDate "2016.06.21"]
[SourceVersion "1"]
[SourceVersionDate "2016.06.21"]
[SourceQuality "1"]

1. e4 e6 2. d3 d5 3. Nd2 Nf6 4. Ngf3 c5 5. g3 Nc6 6. Bg2 dxe4 7. dxe4 Be7 8. 0-0 e5 9. c3 0-0 10. Re1 Bg4 11. h3 Bxf3 12. Qxf3 Qc7 13. a4 a6 14. Nf1 b5 15. Bg5 Nd7 16. h4 Bxg5 17. hxg5 c4 18. Ne3 Nc5 19. Nd5 Qd8 20. axb5 axb5 21. Rxa8 Qxa8 22. Bf1 Qd8 23. Qe3 Ne6 24. f4 exf4 25. gxf4 Ne7 26. Rd1 Nxd5 27. Rxd5 Qb8 28. f5 Nc7 29. Rd2 Re8 30. e5 g6 31. Bh3 Rd8 32. e6 fxe6 33. fxg6 Rxd2 34. Bxe6+ Kf8 35. g7+ Kxg7 36. Qe5+ Kf8 37. Qh8+ Ke7 38. Qxb8 Nxe6 39. Qxb5 Kf7 40. Qf5+ Ke7 41. Qxh7+ Kd6 42. g6 1-0

[Event "Bogota McGregor op 2nd"]
[Site "Bogota"]
[Date "2011.12.09"]
[Round "7"]
[White "Zuluaga Mancilla, Cesar"]
[Black "Corradine, Jorge Ricardo"]
[Result "0-1"]
[WhiteElo "2365"]
[BlackElo "2162"]
[PlyCount "96"]
[EventDate "2011.12.06"]
[EventType "swiss"]
[EventRounds "10"]
[EventCountry "COL"]
[SourceTitle "CBM 145 Extra"]
[Source "ChessBase"]
[SourceDate "2012.01.03"]
[SourceVersion "1"]
[SourceVersionDate "2012.01.03"]
[SourceQuality "1"]

1. d4 d5 2. Nf3 Nf6 3. Bf4 e6 4. e3 Bd6 5. Nbd2 0-0 6. c3 Re8 7. Bd3 Nbd7 8. Ne5 Nf8 9. Bg5 h6 10. Bh4 Be7 11. f4 N6d7 12. Bg3 f5 13. Ndf3 Nf6 14. Bh4 Ne4 15. Bxe7 Qxe7 16. g4 fxg4 17. Nxg4 Nd6 18. Rg1 Kh8 19. Nge5 Nf5 20. Qe2 Qf6 21. 0-0-0 a6 22. Rg2 Re7 23. Rdg1 Bd7 24. Ng6+ Nxg6 25. Rxg6 Qf8 26. Qf2 Be8 27. Ne5 c5 28. dxc5 Rc8 29. e4 dxe4 30. Bxe4 Kh7 31. Qc2 Rxc5 32. R6g3 Kg8 33. Bxf5 Qxf5 34. Qxf5 exf5 35. h4 Kh7 36. Rd1 Bh5 37. Rd4 b5 38. b4 Rc8 39. Kd2 a5 40. bxa5 Ra8 41. Nc6 Rc7 42. Rd6 Ra6 43. Rgd3 Rcxc6 44. Rxc6 Rxc6 45. Rd5 Bg4 46. Rxb5 Rc4 47. Rb4 Rc5 48. Ra4 Rd5+ 0-1

[Event "Bogota McGregor op 2nd"]
[Site "Bogota"]
[Date "2011.12.08"]
[Round "5"]
[White "Corredor Rengifo, Luis Fernando"]
[Black "Corradine, Jorge Ricardo"]
[Result "0-1"]
[WhiteElo "1897"]
[BlackElo "2162"]
[PlyCount "48"]
[EventDate "2011.12.06"]
[EventType "swiss"]
[EventRounds "10"]
[EventCountry "COL"]
[SourceTitle "CBM 145 Extra"]
[Source "ChessBase"]
[SourceDate "2012.01.03"]
[SourceVersion "1"]
[SourceVersionDate "2012.01.03"]
[SourceQuality "1"]

1. e4 c5 2. Nf3 e6 3. d4 cxd4 4. Nxd4 a6 5. Nc3 Qc7 6. Be2 Nf6 7. 0-0 d6 8. f4 Nbd7 9. a4 b6 10. Bf3 Bb7 11. Qe2 h5 12. Kh1 Be7 13. e5 dxe5 14. fxe5 Ng4 15. Bxg4 hxg4 16. Bf4 Bc5 17. Nf5 0-0-0 18. Nd6+ Bxd6 19. exd6 Qc6 20. Qxg4 g5 21. Be3 Qxd6 22. Bg1 Rh4 23. Qxg5 Rdh8 24. Qxh4 Rxh4 0-1

[Event "Bogota McGregor op 1st"]
[Site "Bogota"]
[Date "2010.12.04"]
[Round "2"]
[White "Corradine, Jorge Ricardo"]
[Black "Coy Murcia, William"]
[Result "1-0"]
[WhiteElo "2172"]
[BlackElo "1908"]
[PlyCount "100"]
[EventDate "2010.12.03"]
[EventType "swiss"]
[EventRounds "10"]
[EventCountry "COL"]
[SourceTitle "CBM 139 Extra"]
[Source "ChessBase"]
[SourceDate "2011.01.05"]
[SourceVersion "1"]
[SourceVersionDate "2011.01.05"]
[SourceQuality "1"]

1. e4 c5 2. Nf3 Nc6 3. Bb5 a6 4. Bxc6 bxc6 5. Nc3 d5 6. d3 Bb7 7. 0-0 e6 8. b3 Bd6 9. Na4 e5 10. c4 d4 11. Ba3 Qe7 12. Qd2 a5 13. Qg5 f6 14. Qd2 Nh6 15. Rae1 0-0 16. Nh4 f5 17. Nxf5 Nxf5 18. exf5 Rxf5 19. Re4 Ra7 20. f4 Qf6 21. Bxc5 Bxc5 22. Nxc5 Bc8 23. Qe2 Rf7 24. g3 exf4 25. Rfxf4 Qd6 26. Re8+ Rf8 27. Rxf8+ Kxf8 28. Ne4 Qe5 29. Qf3 Ke7 30. a3 Rxf4 31. Qxf4 Qxf4 32. gxf4 Bg4 33. Kf2 Bd1 34. Nc5 Kf6 35. Kg3 Be2 36. b4 axb4 37. axb4 Bh5 38. b5 cxb5 39. cxb5 Ke7 40. b6 Kd6 41. f5 Bf7 42. Kf4 Bd5 43. b7 Kc7 44. Ke5 Bxb7 45. Nxb7 Kxb7 46. Kxd4 Kc6 47. Ke5 Kd7 48. d4 Ke7 49. d5 Kd7 50. d6 h6 1-0

[Event "Bogota McGregor op 1st"]
[Site "Bogota"]
[Date "2010.12.04"]
[Round "3"]
[White "Fonseca Pinto, Carlos Arturo"]
[Black "Corradine, Jorge Ricardo"]
[Result "1/2-1/2"]
[WhiteElo "2078"]
[BlackElo "2172"]
[PlyCount "84"]
[EventDate "2010.12.03"]
[EventType "swiss"]
[EventRounds "10"]
[EventCountry "COL"]
[SourceTitle "CBM 139 Extra"]
[Source "ChessBase"]
[SourceDate "2011.01.05"]
[SourceVersion "1"]
[SourceVersionDate "2011.01.05"]
[SourceQuality "1"]

1. e4 c5 2. Nf3 e6 3. d4 cxd4 4. Nxd4 a6 5. Nc3 Qc7 6. g3 Nf6 7. Bg2 Nc6 8. 0-0 Nxd4 9. Qxd4 Bc5 10. Qd3 0-0 11. Bf4 d6 12. Rad1 e5 13. Bg5 Be6 14. Bxf6 gxf6 15. Nd5 Bxd5 16. Qxd5 Qb6 17. Rb1 Rac8 18. c3 a5 19. Qd1 Rc6 20. Qh5 Kg7 21. Bh3 Qd8 22. Rfd1 b5 23. Rd3 Rh8 24. Rbd1 b4 25. Rf3 bxc3 26. bxc3 Rb6 27. Bf1 Rb2 28. a4 Qc7 29. Qg4+ Kf8 30. Rxf6 Rg8 31. Qh5 Rg6 32. Rf3 Rxf2 33. Rxf2 Rf6 34. Rdd2 Qb6 35. Qxh7 Bxf2+ 36. Kg2 Be3 37. Qh8+ Ke7 38. Bb5 Rh6 39. Qe8+ Kf6 40. Rd1 Bf4 41. gxf4 Rxh2+ 42. Kxh2 Qf2+ 1/2-1/2

[Event "COL-chT"]
[Site "Bogota"]
[Date "2010.10.16"]
[Round "4.1"]
[White "Arenas Vanegas, David"]
[Black "Corradine, Jorge Ricardo"]
[Result "1-0"]
[WhiteElo "2457"]
[BlackElo "2156"]
[PlyCount "83"]
[EventDate "2010.10.15"]
[EventType "swiss"]
[EventRounds "7"]
[EventCountry "COL"]
[SourceTitle "EXT 2024"]
[Source "ChessBase"]
[SourceDate "2023.10.10"]
[SourceVersion "1"]
[SourceVersionDate "2023.10.10"]
[SourceQuality "1"]

1. e4 c5 2. Nf3 e6 3. d4 cxd4 4. Nxd4 a6 5. Nc3 Qc7 6. Be2 Nf6 7. 0-0 d6 8. f4 Nbd7 9. a4 Be7 10. Kh1 Nc5 11. Bf3 e5 12. Nde2 0-0 13. Be3 Re8 14. a5 Bf8 15. f5 b5 16. axb6 Qxb6 17. Rb1 Qc7 18. b4 Ncd7 19. g4 Nb6 20. Bxb6 Qxb6 21. g5 Nd7 22. Nd5 Qd8 23. Rg1 Bb7 24. Nec3 g6 25. Bg4 Bg7 26. Rg3 Nb6 27. f6 Bf8 28. Nxb6 Qxb6 29. Nd5 Bxd5 30. Qxd5 Ra7 31. Kg2 Rc7 32. c3 Rb8 33. Ra1 Rc6 34. Be2 Qc7 35. Ra3 Rbb6 36. Bd1 Rb5 37. Qd3 d5 38. Ba4 dxe4 39. Qe2 Rd5 40. Bxc6 Qxc6 41. Rxa6 Qb7 42. Re3 1-0

[Event "Bolivar por la Paz op"]
[Site "Cartagena"]
[Date "2000.07.01"]
[Round "5"]
[White "Acosta, Alejandro"]
[Black "Corradine, Jorge Ricardo"]
[Result "1-0"]
[WhiteElo "2323"]
[BlackElo "2154"]
[PlyCount "94"]
[EventDate "2000.06.29"]
[EventType "swiss"]
[EventRounds "9"]
[EventCountry "COL"]
[SourceTitle "EXT 2001"]
[Source "ChessBase"]
[SourceDate "2000.11.22"]
[SourceVersion "1"]
[SourceVersionDate "2000.11.22"]
[SourceQuality "1"]

1. e4 c5 2. Nf3 e6 3. d4 cxd4 4. Nxd4 a6 5. Nc3 Qc7 6. g3 Bb4 7. Nde2 Nf6 8. Bg2 Nc6 9. Bf4 Qa5 10. 0-0 0-0 11. a3 Be7 12. Bd6 Bxd6 13. Qxd6 Ne8 14. Qf4 d6 15. Rfd1 Bd7 16. Qe3 Ne5 17. b3 Bc6 18. h3 Nd7 19. Nd4 Qc7 20. Nce2 Rc8 21. c4 Ndf6 22. b4 Bd7 23. Rac1 b6 24. g4 g6 25. Ng3 Ba4 26. Rf1 Ng7 27. Nde2 Rfd8 28. f4 Bc6 29. Bf3 Nd7 30. Nh1 f6 31. Nhg3 Nf8 32. h4 Rb8 33. Kf2 Ba8 34. h5 Qe7 35. Rh1 Rdc8 36. Qb3 Rc7 37. hxg6 hxg6 38. f5 Qf7 39. Rh6 Rbc8 40. Rch1 Qe8 41. Nf4 Kf7 42. Nxg6 Rxc4 43. Rh8 Rc2+ 44. Ne2 Qc6 45. Rxf8+ Rxf8 46. Nxf8 Kxf8 47. Rh6 Kf7 1-0

[Event "Cartagena op"]
[Site "Cartagena"]
[Date "2000.??.??"]
[Round "9"]
[White "Martinez, Cristian"]
[Black "Corradine, Jorge Ricardo"]
[Result "1-0"]
[WhiteElo "2320"]
[BlackElo "2154"]
[PlyCount "87"]
[EventDate "2000.??.??"]
[EventType "swiss"]
[EventRounds "9"]
[EventCountry "COL"]
[SourceTitle "EXT 2001"]
[Source "ChessBase"]
[SourceDate "2000.11.22"]
[SourceVersion "1"]
[SourceVersionDate "2000.11.22"]
[SourceQuality "1"]

1. e4 c5 2. Nf3 e6 3. d4 cxd4 4. Nxd4 a6 5. Nc3 Qc7 6. g3 Bb4 7. Nde2 Nf6 8. Bg2 Be7 9. 0-0 Nc6 10. b3 0-0 11. Bb2 b5 12. Nd5 exd5 13. exd5 Bb7 14. dxc6 dxc6 15. Nd4 Ne8 16. Nf5 Bf6 17. Bxf6 Nxf6 18. Qd6 Qxd6 19. Nxd6 Rab8 20. Nxb7 Rxb7 21. Rad1 Rc7 22. Rd6 Rfc8 23. Re1 Kf8 24. Re5 Ne8 25. Rd2 Re7 26. Rde2 Rxe5 27. Rxe5 c5 28. Bb7 Rb8 29. Bc6 Nd6 30. Rxc5 b4 31. Bd5 Rb5 32. Rxb5 Nxb5 33. Bc4 Nc3 34. Bxa6 Nxa2 35. f4 Ke7 36. Kf2 Kd6 37. Ke3 h6 38. Bc4 f6 39. Ke4 Nc3+ 40. Kf5 Ke7 41. Kg6 Kf8 42. h4 Ne4 43. g4 Nd6 44. Bd3 1-0

[Event "Cartagena op"]
[Site "Cartagena"]
[Date "2000.??.??"]
[Round "3"]
[White "Rios Parra, Alejandro"]
[Black "Corradine, Jorge Ricardo"]
[Result "0-1"]
[WhiteElo "2316"]
[BlackElo "2154"]
[PlyCount "78"]
[EventDate "2000.??.??"]
[EventType "swiss"]
[EventRounds "9"]
[EventCountry "COL"]
[SourceTitle "EXT 2001"]
[Source "ChessBase"]
[SourceDate "2000.11.22"]
[SourceVersion "1"]
[SourceVersionDate "2000.11.22"]
[SourceQuality "1"]

1. e4 c5 2. Nf3 e6 3. d4 cxd4 4. Nxd4 a6 5. Nc3 Qc7 6. f4 Bb4 7. Bd2 Ne7 8. Bd3 d6 9. f5 e5 10. Nf3 Nd7 11. 0-0 b5 12. Kh1 Bc5 13. Bg5 f6 14. Bd2 Bb7 15. Qe2 Bb6 16. Rad1 Nc5 17. Ne1 0-0-0 18. b4 Nxd3 19. cxd3 Kb8 20. a4 Bd4 21. axb5 Bxc3 22. Rc1 Qb6 23. Rxc3 Qxb5 24. Nc2 d5 25. Rc5 Qd7 26. exd5 Nxd5 27. b5 Rhe8 28. Ra1 Rc8 29. Rxc8+ Rxc8 30. bxa6 Rxc2 31. axb7 Qxb7 32. Qh5 Nf4 33. Qe8+ Qc8 34. Qxc8+ Kxc8 35. Bxf4 exf4 36. h3 Kd8 37. Kh2 Kd7 38. h4 Kd6 39. Kh3 h5 0-1

[Event "COL-ch"]
[Site "Fusagasuga"]
[Date "1999.12.16"]
[Round "5"]
[White "Castro Rojas, Oscar Humberto"]
[Black "Corradine, Jorge Ricardo"]
[Result "1-0"]
[WhiteElo "2359"]
[BlackElo "2154"]
[PlyCount "100"]
[EventDate "1999.12.12"]
[EventType "tourn"]
[EventRounds "11"]
[EventCountry "COL"]
[EventCategory "3"]
[SourceTitle "CBM 073 Extra"]
[Source "ChessBase"]
[SourceDate "2000.01.11"]
[SourceVersion "1"]
[SourceVersionDate "2000.01.11"]
[SourceQuality "1"]

1. d4 d5 2. Bg5 Nd7 3. c4 c6 4. cxd5 cxd5 5. Nc3 Ngf6 6. e3 e6 7. Bd3 Be7 8. f4 h6 9. Bxf6 Nxf6 10. Nf3 a6 11. 0-0 0-0 12. Ne5 Bd7 13. g4 Ne8 14. g5 hxg5 15. fxg5 Bxg5 16. Qh5 Bxe3+ 17. Kh1 f5 18. Ng6 Bh6 19. Nxf8 Kxf8 20. Rae1 Nf6 21. Qh4 Qb6 22. Re2 Kf7 23. Rg2 Rh8 24. Rfg1 Qd8 25. Rg6 Qf8 26. Qg3 Nh5 27. Qf3 Bf4 28. Bxf5 exf5 29. Qxd5+ Ke7 30. Qxb7 Qc8 31. Nd5+ Kf7 32. Qxc8 Bxc8 33. Nxf4 Nxf4 34. Rxg7+ Kf6 35. Ra7 Rd8 36. Rd1 Rd6 37. h4 Be6 38. b3 Ne2 39. Rd3 f4 40. Kg2 Kf5 41. Kf2 Nxd4 42. h5 Kg5 43. Rd1 Bf5 44. Rg7+ Kh6 45. Rc7 Bg4 46. Rd2 Be6 47. Rc1 Rd5 48. Rcd1 Ra5 49. b4 Ra3 50. Rxd4 Bg4 1-0

[Event "COL-ch"]
[Site "Fusagasuga"]
[Date "1999.12.13"]
[Round "2"]
[White "Corradine, Jorge Ricardo"]
[Black "Mosquera Klinger, Miguel Alonso"]
[Result "1/2-1/2"]
[WhiteElo "2154"]
[BlackElo "2315"]
[PlyCount "25"]
[EventDate "1999.12.12"]
[EventType "tourn"]
[EventRounds "11"]
[EventCountry "COL"]
[EventCategory "3"]
[SourceTitle "CBM 073 Extra"]
[Source "ChessBase"]
[SourceDate "2000.01.11"]
[SourceVersion "1"]
[SourceVersionDate "2000.01.11"]
[SourceQuality "1"]

1. e4 Nf6 2. e5 Nd5 3. d4 d6 4. Nf3 Nb6 5. a4 a5 6. Bb5+ c6 7. Bd3 dxe5 8. Nxe5 N8d7 9. 0-0 Nxe5 10. dxe5 g6 11. Re1 Bg7 12. Nc3 0-0 13. Qe2 1/2-1/2